Представление документа в формате RUSMARC

ПолеНазваниеЗначение
  Тип записи a
  Библиографический уровень m
001 Контрольный номер RU/УГОНБ/EK/69171
005 Дата корректировки 20250520123520.8
010 Индекс ISBN __
d Цена 65 к.
9 Тираж 15000 экз.
b Уточнения в пер.
100 Данные общей обработки __
a Данные общей обработки 20000330d1978 u u0rusy0189 ca
101 Язык документа 0_
a Язык текста rus
105 Кодированные данные (монография) __
a Кодированные данные (монография) a j 001yy
200 Заглавие и сведения об ответственности 1_
a Заглавие Работа в музеях и с историческими памятниками при изучении истории СССР (с древнейших времен до 1917 г.)
e Сведения, относящиеся к заглавию учеб. пособие для вузов
f Первые сведения об ответственности М.Т. Белявский
210 Выходные данные 1_
a Место издания Москва
c Издательство Высш. шк.
d Дата издания 1978
215 Физическое описание __
a Объем 224 с.
c Иллюстрации/тип воспроизводства ил.
d Формат 21 см
606 Тематические рубрики 0_
a Основная рубрика Исторические места и памятники СССР
606 Тематические рубрики 0_
a Основная рубрика СССР - История
x Основная подрубрика Музейно-выставочная экспозиция
610 Ключевые слова 0_
a Ключевые слова музеи исторические СССР
686 Индексы других классификаций __
a Классификационный индекс 63.3(2)л61
2 Код системы rubbk
700 Автор _1
a Фамилия Белявский
b Имя (инициалы) М.Т.
g Полное личное имя Михаил Тимофеевич
801 Источник записи _0
a Страна RU
b Организация Ульяновская ОНБ
c Дата составления 20000330
g Правила каталогизации PSBO
801 Источник записи _1
a Страна RU
b Организация Ульяновская ОНБ
c Дата составления 20000330
901 Тип документа __
t Тип документа m
938 Служебная информация __
a Имя БД books
b Имя библиотеки УОНБ
c Имя АИБС МАРК-SQL
d Номер DOC_ID в БД 188344